|
|
|
|
| LEADER |
01177nam a2200265 a 4500 |
| 001 |
007145866-2 |
| 008 |
091112s1995 hk b 000 0 eng d |
| 020 |
|
|
|a 02567520
|
| 040 |
|
|
|a HNK
|c HNK
|d SLR
|
| 082 |
0 |
4 |
|a 305.42095
|2 20
|
| 245 |
1 |
0 |
|a Shadows behind the screen :
|b economic restructuring and Asian women /
|c issue editor, Maggie Paterson.
|
| 260 |
|
|
|a Hong Kong :
|b ARENA ;
|a London :
|b CIIR,
|c 1995.
|
| 300 |
|
|
|a x, 237 p. ;
|c 23 cm.
|
| 500 |
|
|
|a Issued as vol. 11, no. 1 of Asian exchange.
|
| 500 |
|
|
|a " ... contribution to the Fourth World Conference on Women in Beijing."--P. iii.
|
| 504 |
|
|
|a Includes bibliographical references (p. [217]-222).
|
| 541 |
1 |
|
|e 00007496
|
| 650 |
|
0 |
|a Women
|z Asia
|x Economic conditions.
|
| 650 |
|
0 |
|a Asia
|x Economic conditions.
|
| 700 |
1 |
|
|a Paterson, Maggie.
|
| 711 |
2 |
|
|a World Conference on Women
|n (4th |d 1995 :
|c Beijing, China)
|
| 730 |
0 |
|
|a Asian exchange.
|
| 852 |
4 |
|
|a Ayesha Abed Library
|j General shelf
|
| 999 |
|
|
|c 5447
|d 5447
|
| 952 |
|
|
|0 0
|1 0
|2 ddc
|4 0
|6 305_420950000000000_SHA_1995
|7 0
|9 5313
|a BRACUL
|b BRACUL
|c GEN
|d 2009-11-12
|g 0.00
|l 0
|o 305.42095 SHA
|p 3010007496
|r 2009-11-12
|t 1
|w 2009-11-12
|y BK
|x No price found in the accession register.
|